La realidad que vivimos

שמור ב:
מידע ביבליוגרפי
פורמט: Texto
נושאים:
תגים: הוספת תג
אין תגיות, היה/י הראשונ/ה לתייג את הרשומה!

MARC

LEADER 00000 a a2200000 04500
001 45585
003
040 |a CRAI/IIS  |c CRAI/IIS 
245 |a La realidad que vivimos  
500 |a Antes se llamaba: ALAI SERVICIO MENSUAL DE INFORMACION Y DOCUMENTACION  
650 |a POLITICA INTERNACIONAL  
650 |a GEOPOLITICA  
650 |a MILITARISMO  
650 |a HISTORIA POLITICA  
650 |a CRISTIANISMO  
650 |a AMERICA CENTRAL  
773 |g volumen12, número104 (Junio, 1988), Págs. 9-11  
999 |c 18277  |d 18277